Historia de la Nación Argentina. desde los orígenes hasta la organización definitiva en 1862 / Vol. IX :

Guardado en:
Otros Autores: Marfany, Roberto H., Salvadores, Antonino., Cervera, Manuel M., Busaniche, José Luis., Pérez de Colman, César B., Sagarna, Antonio., Acuña, Ángel., Martínez Paz, Enrique., Gargaro, Alfredo., Lizondo Borda, Manuel.
Formato: Libro
Idioma:Spanish
Publicado: Buenos Aires : El Ateneo, 1961.
Edición:3a. ed.
Materias:
Etiquetas: Agregar Etiqueta
Sin Etiquetas, Sea el primero en etiquetar este registro!
LEADER 00965nam a2200277 a 4500
001 DER.der015541
008 251117s1961####ag#abcogr#####001#0#spa##
005 20251117193935.0
245 0 0 |a Historia de la Nación Argentina.  |n Vol. IX :  |b desde los orígenes hasta la organización definitiva en 1862 /  |c producida por Academia Nacional de la Historia. 
250 |a 3a. ed. 
260 a B |a Buenos Aires :  |b El Ateneo,  |c 1961. 
300 |a 482 p. 
505 0 |a Historia de las provincias 
700 1 |a Levene, Ricardo.,  |e dir. 
700 1 |a Marfany, Roberto H. 
700 1 |a Salvadores, Antonino. 
700 1 |a Cervera, Manuel M. 
700 1 |a Busaniche, José Luis. 
700 1 |a Pérez de Colman, César B. 
700 1 |a Sagarna, Antonio. 
700 1 |a Acuña, Ángel. 
700 1 |a Martínez Paz, Enrique. 
700 1 |a Gargaro, Alfredo. 
700 1 |a Lizondo Borda, Manuel. 
650 7 |a HISTORIA ARGENTINA 
859 |a DERECHO  |b BIB. DERECHO  |h 982  |i ACA  |p 0010147  |v IX  |3 Vol. IX